經驗神 : 基督教神學1--基督教神學的起始點 Jing yan shen : Jidu jiao shen xue = Experience of God : systematic theology {ch} / (Record no. 35005)
[ view plain ]
| 000 -LEADER | |
|---|---|
| fixed length control field | 01803nam a2200409 4500 |
| 003 - CONTROL NUMBER IDENTIFIER | |
| control field | OSt |
| 005 - DATE AND TIME OF LATEST TRANSACTION | |
| control field | 20190425192802.0 |
| 008 - FIXED-LENGTH DATA ELEMENTS--GENERAL INFORMATION | |
| fixed length control field | 101122s2005 cc b 001 0 chi d |
| 020 ## - INTERNATIONAL STANDARD BOOK NUMBER | |
| International Standard Book Number | 9629333406 :HK88.00/75.00/Php442.56 |
| 020 ## - INTERNATIONAL STANDARD BOOK NUMBER | |
| International Standard Book Number | 9789629333409 |
| 090 ## - LOCALLY ASSIGNED LC-TYPE CALL NUMBER (OCLC); LOCAL CALL NUMBER (OCLC) | |
| Classification number (OCLC) (R) ; Classification number, CALL (RLIN) (NR) | BT75.3 |
| Local cutter number (OCLC) ; Book number/undivided call number, CALL (RLIN) | F73e |
| -- | v.I |
| -- | c.2 |
| 100 1# - MAIN ENTRY--PERSONAL NAME | |
| Personal name | 方鎮明 Fong Chun Ming |
| 245 10 - TITLE STATEMENT | |
| Title | 經驗神 : 基督教神學1--基督教神學的起始點 Jing yan shen : Jidu jiao shen xue = Experience of God : systematic theology {ch} / |
| Number of part/section of a work | 1, |
| Name of part/section of a work | 方鎮明 Fong Chun Ming |
| 246 10 - VARYING FORM OF TITLE | |
| Number of part/section of a work | Vol. 1, |
| Name of part/section of a work | The foundations of Christian theology%/ |
| 246 30 - VARYING FORM OF TITLE | |
| Title proper/short title | Foundations of Christian theology |
| 246 30 - VARYING FORM OF TITLE | |
| Title proper/short title | Jidu jiao shen xue de qi shi dian |
| 246 30 - VARYING FORM OF TITLE | |
| Title proper/short title | Jidu jiao shen xue |
| 246 30 - VARYING FORM OF TITLE | |
| Title proper/short title | Systematic theology |
| 250 ## - EDITION STATEMENT | |
| Edition statement | Xiu ding ban. |
| 260 ## - PUBLICATION, DISTRIBUTION, ETC. (IMPRINT) | |
| Place of publication, distribution, etc | Xianggang : |
| Name of publisher, distributor, etc | Jin xin hui chu ban she (guo ji) you xian gong si, |
| Date of publication, distribution, etc | 2005. |
| 300 ## - PHYSICAL DESCRIPTION | |
| Extent | xvi, 485 p. ; |
| Dimensions | 23 cm. |
| 336 ## - CONTENT TYPE | |
| Source | rdacontent |
| 337 ## - MEDIA TYPE | |
| Source | rdamedia |
| 338 ## - CARRIER TYPE | |
| Source | rdacarrier |
| 490 1# - SERIES STATEMENT | |
| Series statement | 基督教神學的起始點 Jing yan shen : Jidu jiao shen xue ; |
| Volume number/sequential designation | 1 |
| 500 ## - GENERAL NOTE | |
| General note | Colophon title also in English: Experience of God : systematic theology. Vol. 1, The foundations of Chrisitan theology<br/>Systematic theology<br/>Foundations of Chrisitan theology |
| 504 ## - BIBLIOGRAPHY, ETC. NOTE | |
| Bibliography, etc | Includes bibliographical references (p. 465-479) and index. |
| 520 ## - SUMMARY, ETC. | |
| Summary, etc | 作者從歷史和神學著手,撰寫一系列的系統神學教科書.探求聖經在每一個教義的基礎,比較各種學說的觀點,分析整合其內容外,並提出相關的實際應用. |
| 546 ## - LANGUAGE NOTE | |
| Language note | Text in Chinese. |
| 650 #4 - SUBJECT ADDED ENTRY--TOPICAL TERM | |
| Topical term or geographic name as entry element | Experience (Religion) {ch}. |
| 650 #4 - SUBJECT ADDED ENTRY--TOPICAL TERM | |
| Topical term or geographic name as entry element | Theology {ch}. |
| 650 #4 - SUBJECT ADDED ENTRY--TOPICAL TERM | |
| Topical term or geographic name as entry element | Theology, Doctrinal {ch}. |
| 951 ## - EQUIVALENCE OR CROSS-REFERENCE-GEOGRAPHIC NAME/AREA NAME [OBSOLETE] [CAN/MARC only] | |
| General subdivision | 00039665 |
| 700 1# - ADDED ENTRY--PERSONAL NAME | |
| Personal name | Fang, Zhenming. |
| 942 ## - ADDED ENTRY ELEMENTS (KOHA) | |
| Source of classification or shelving scheme | Library of Congress Classification |
| Item type | Books |
| Koha issues (borrowed), all copies | 5 |
| Withdrawn status | Lost status | Damaged status | Not for loan | Home library | Current library | Shelving location | Date acquired | Inventory number | Shelving control number | Total Checkouts | Full call number | Barcode | Date last seen | Date last borrowed | Price effective from | Koha item type | Source of classification or shelving scheme | Source of acquisition | Cost, normal purchase price | Serial Enumeration / chronology | Copy number |
|---|---|---|---|---|---|---|---|---|---|---|---|---|---|---|---|---|---|---|---|---|---|
| BSOP Library | BSOP Library | Chinese Books (General Circulation) | 12/21/2000 | C-10028 | 127 | 1 | CHBT75.3/F73e/v.I/c.2 | 00039665 | 04/26/2019 | 04/25/2019 | 02/23/2013 | Books | |||||||||
| BSOP Library | BSOP Library | Chinese Books (General Circulation) | 09/16/2013 | C-11722 | 2 | BT75.3 F73e | 00043522 | 02/24/2016 | 02/16/2016 | 09/16/2013 | Books | Library of Congress Classification | CAP | 491.92 | I | c. 3 | |||||
| BSOP Library | BSOP Library | Chinese Books (General Circulation) | 10/17/2014 | C-12327 | 2 | BT75.3 F73e | 00044727 | 05/21/2018 | 05/15/2018 | 10/17/2014 | Books | Library of Congress Classification | v. I | c.4 |
